Powiaty graniczące z Rosją i Litwą - Statystyki

Ogólne statystyki
  • Ten quiz został rozwiązany 15 razy
  • Średni wynik to 5 z 8
Statystyki odpowiedzi
Województwo powiat % Poprawnych
Warmińsko-Mazurskie gołdapski
92%
Podlaskie suwalski
92%
Podlaskie sejneński
77%
Warmińsko-Mazurskie bartoszycki
69%
Warmińsko-Mazurskie braniewski
62%
Warmińsko-Mazurskie kętrzyński
54%
Pomorskie nowodworski
54%
Warmińsko-Mazurskie węgorzewski
46%
Nie znaleziono quizów pasujących do podanych kryteriów
Rozkład punktacji
Procent ludzi z każdym wynikiem
Percentyl według liczby udzielonych odpowiedzi
Twoja historia wyników
Nie rozwiązałeś tego quizu